[Event "BUL-chT2 64th"]
[Site "Sunny Beach"]
[Date "2015.06.05"]
[Round "6.2"]
[White "Bonev, Todor"]
[Black "Stefanov, Krasimir"]
[Result "0-1"]
[WhiteElo "2204"]
[BlackElo "2376"]
[PlyCount "59"]
[EventDate "2015.05.31"]
[EventType "team-swiss"]
[EventRounds "7"]
[EventCountry "BUL"]
[SourceTitle "CBM 166 Extra"]
[Source "ChessBase"]
[SourceDate "2015.06.18"]
[SourceVersion "1"]
[SourceVersionDate "2015.06.18"]
[SourceQuality "1"]
[WhiteTeam "Blagoevgrad Victory"]
[BlackTeam "Silistra"]
[WhiteTeamCountry "BUL"]
[BlackTeamCountry "BUL"]

1. e4 Nf6 2. e5 Nd5 3. d4 d6 4. Nf3 Bg4 5. Be2 c6 6. 0-0 Bxf3 7. Bxf3 dxe5 8. dxe5 e6 9. Nd2 Nd7 10. Re1 Qc7 11. Qe2 Bc5 12. g3 0-0 13. Bg2 a5 14. h4 a4 15. a3 h6 16. Nf3 b5 17. h5 f6 18. Bh3 Rae8 19. Bf4 fxe5 20. Nxe5 Rxf4 21. gxf4 Nxf4 22. Qg4 Nxh3+ 23. Qxh3 Nxe5 24. Qg3 Bd6 25. Rad1 Nf7 26. Qg6 Be5 27. f4 Bf6 28. Re4 Rf8 29. Qg4 Nd8 30. c3 0-1

[Event "BUL-chT2 64th"]
[Site "Sunny Beach"]
[Date "2015.06.02"]
[Round "3.2"]
[White "Glavchev, Stanislav"]
[Black "Stefanov, Krasimir"]
[Result "0-1"]
[WhiteElo "2112"]
[BlackElo "2376"]
[PlyCount "40"]
[EventDate "2015.05.31"]
[EventType "team-swiss"]
[EventRounds "7"]
[EventCountry "BUL"]
[SourceTitle "CBM 166 Extra"]
[Source "ChessBase"]
[SourceDate "2015.06.18"]
[SourceVersion "1"]
[SourceVersionDate "2015.06.18"]
[SourceQuality "1"]
[WhiteTeam "Yambol Tundzha"]
[BlackTeam "Silistra"]
[WhiteTeamCountry "BUL"]
[BlackTeamCountry "BUL"]

1. e4 c6 2. d4 d5 3. exd5 cxd5 4. Bd3 Nc6 5. c3 g6 6. Bf4 Nf6 7. Nf3 Bf5 8. Bxf5 gxf5 9. Qb3 Qb6 10. 0-0 e6 11. Na3 Nh5 12. Be3 Be7 13. Rfe1 Nf6 14. Ne5 Nd7 15. Qa4 Ndxe5 16. dxe5 Qa6 17. Qxa6 bxa6 18. Nc2 Kd7 19. Rad1 Kc7 20. Nd4 Na5 0-1

[Event "BUL-chT-B 62nd"]
[Site "Sunny Beach"]
[Date "2012.09.23"]
[Round "5.3"]
[White "Milchev, Nikolay"]
[Black "Stefanov, Krasimir"]
[Result "1-0"]
[WhiteElo "2422"]
[BlackElo "2388"]
[PlyCount "87"]
[EventDate "2012.09.19"]
[EventType "team-swiss"]
[EventRounds "7"]
[EventCountry "BUL"]
[SourceTitle "CBM 150 Extra"]
[Source "ChessBase"]
[SourceDate "2012.10.19"]
[SourceVersion "1"]
[SourceVersionDate "2012.10.19"]
[SourceQuality "1"]
[WhiteTeam "Dupnitsa Marek Union"]
[BlackTeam "Silistra"]
[WhiteTeamCountry "BUL"]
[BlackTeamCountry "BUL"]

1. Nf3 Nf6 2. c4 c5 3. g3 g6 4. Bg2 Bg7 5. 0-0 Nc6 6. d4 cxd4 7. Nxd4 Nxd4 8. Qxd4 d6 9. Nc3 0-0 10. Qd2 Qa5 11. Nd5 Qd8 12. Ne3 Qc7 13. Rb1 Bd7 14. b3 Bc6 15. Nd5 Nxd5 16. Bxd5 Rac8 17. a4 Rfd8 18. Rd1 e6 19. Bxc6 Qxc6 20. Ba3 d5 21. Qa5 d4 22. Qxa7 Ra8 23. Qc5 Qe4 24. Qb5 Qxe2 25. Qxb7 Rab8 26. Qc7 Rdc8 27. Qd7 Rd8 28. Qc7 Rdc8 29. Qd7 Rd8 30. Qc7 e5 31. a5 Rdc8 32. Qd7 Rd8 33. Qc7 e4 34. Re1 Qf3 35. a6 f5 36. a7 Rbc8 37. Qb7 h5 38. Be7 Re8 39. Ra1 Ra8 40. Ra6 Qg4 41. Bf6 Bf8 42. Qd5+ Kh7 43. Qf7+ Kh6 44. h3 1-0

[Event "BUL-chT-B 62nd"]
[Site "Sunny Beach"]
[Date "2012.09.20"]
[Round "2.3"]
[White "Stefanov, Krasimir"]
[Black "Trichkov, Vasil"]
[Result "1-0"]
[WhiteElo "2388"]
[BlackElo "2333"]
[PlyCount "76"]
[EventDate "2012.09.19"]
[EventType "team-swiss"]
[EventRounds "7"]
[EventCountry "BUL"]
[SourceTitle "CBM 150 Extra"]
[Source "ChessBase"]
[SourceDate "2012.10.19"]
[SourceVersion "1"]
[SourceVersionDate "2012.10.19"]
[SourceQuality "1"]
[WhiteTeam "Silistra"]
[BlackTeam "Sofia Slavia"]
[WhiteTeamCountry "BUL"]
[BlackTeamCountry "BUL"]

1. c4 c6 2. Nc3 d5 3. d4 Nf6 4. Nf3 dxc4 5. a4 Bf5 6. e3 e6 7. Bxc4 Bb4 8. 0-0 Nbd7 9. Qb3 a5 10. Nh4 Bg6 11. f3 Nb6 12. Be2 Nfd7 13. g3 c5 14. d5 c4 15. Bxc4 Nc5 16. Bb5+ Kf8 17. Nxg6+ hxg6 18. Qc2 Nxd5 19. e4 Nc7 20. Be3 Nxb5 21. Nxb5 Na6 22. Rfd1 Qe7 23. Rac1 Kg8 24. e5 Kh7 25. h4 Rhd8 26. Kg2 Rxd1 27. Rxd1 Kg8 28. Bg5 Qc5 29. Qe4 Qc6 30. Qe2 Nc5 31. Rd6 Qc8 32. Rd8+ Qxd8 33. Bxd8 Rxd8 34. Nd6 Nxa4 35. Qb5 Nc5 36. Qb6 Rf8 37. Qc7 Nd3 38. f4 Nxb2 1-0

[Event "BUL-chT 61th"]
[Site "Albena"]
[Date "2011.06.08"]
[Round "7.3"]
[White "Stefanov, Krasimir"]
[Black "Petrov, Marian"]
[Result "1/2-1/2"]
[WhiteElo "2397"]
[BlackElo "2531"]
[PlyCount "61"]
[EventDate "2011.06.02"]
[EventType "team-tourn"]
[EventRounds "7"]
[EventCountry "BUL"]
[SourceTitle "CBM 142 Extra"]
[Source "ChessBase"]
[SourceDate "2011.06.27"]
[SourceVersion "1"]
[SourceVersionDate "2011.06.27"]
[SourceQuality "1"]
[WhiteTeam "Razgrad Abritus"]
[BlackTeam "Vidin Nayden Voynov"]
[WhiteTeamCountry "BUL"]
[BlackTeamCountry "BUL"]

1. e4 e5 2. Nf3 Nf6 3. Nxe5 d6 4. Nf3 Nxe4 5. Qe2 Qe7 6. Nc3 Nxc3 7. dxc3 Qxe2+ 8. Bxe2 Be7 9. Be3 Nc6 10. Nd4 Nxd4 11. cxd4 0-0 12. 0-0-0 d5 13. Bf3 c6 14. Bf4 Bf6 15. Rhe1 Bd7 16. c3 Rfe8 17. Rxe8+ Rxe8 18. Kd2 h6 19. Re1 Rxe1 20. Kxe1 Kf8 21. Bd6+ Be7 22. Bxe7+ Kxe7 23. h4 g5 24. hxg5 hxg5 25. Kd2 Kd6 26. Bh5 f6 27. Bg6 a5 28. Bc2 Be6 29. b4 b6 30. a3 Bc8 31. Bd3 1/2-1/2

[Event "BUL-chT 58th"]
[Site "Borovetz"]
[Date "2008.10.05"]
[Round "5"]
[White "Stefanov, Krasimir"]
[Black "Kukov, Velislav"]
[Result "1/2-1/2"]
[WhiteElo "2376"]
[BlackElo "2367"]
[PlyCount "65"]
[EventDate "2008.10.01"]
[EventType "team-tourn"]
[EventRounds "7"]
[EventCountry "BUL"]
[SourceTitle "CBM 126 Extra"]
[Source "ChessBase"]
[SourceDate "2008.11.05"]
[SourceVersion "1"]
[SourceVersionDate "2008.11.05"]
[SourceQuality "1"]
[WhiteTeam "Tarnovo Bulmex"]
[BlackTeam "Radnevo Maritsa Iztok"]
[WhiteTeamCountry "BUL"]
[BlackTeamCountry "BUL"]

1. e4 c6 2. d4 d5 3. Nc3 dxe4 4. Nxe4 Bf5 5. Ng3 Bg6 6. N1e2 e6 7. Nf4 Bd6 8. h4 Qc7 9. Nxg6 hxg6 10. Ne4 Bf4 11. Qf3 Bxc1 12. Rxc1 Nd7 13. g3 Ngf6 14. Bc4 Nxe4 15. Qxe4 Nf6 16. Qe5 0-0-0 17. c3 Qxe5+ 18. dxe5 Ne4 19. Rg1 g5 20. hxg5 Nxg5 21. Ke2 b5 22. Bb3 Ne4 23. Rh1 Kc7 24. Rcd1 Rd2+ 25. Ke3 Rxd1 26. Rxd1 Nc5 27. Bc2 Rh5 28. Kf4 Nd7 29. Re1 Rh2 30. Kf3 Rh5 31. Kf4 Rh2 32. Kf3 Rh5 33. Kf4 1/2-1/2

[Event "BUL-chT 58th"]
[Site "Borovetz"]
[Date "2008.10.02"]
[Round "2"]
[White "Ermenkov, Evgenij"]
[Black "Stefanov, Krasimir"]
[Result "1/2-1/2"]
[WhiteElo "2465"]
[BlackElo "2376"]
[PlyCount "114"]
[EventDate "2008.10.01"]
[EventType "team-tourn"]
[EventRounds "7"]
[EventCountry "BUL"]
[SourceTitle "CBM 126 Extra"]
[Source "ChessBase"]
[SourceDate "2008.11.05"]
[SourceVersion "1"]
[SourceVersionDate "2008.11.05"]
[SourceQuality "1"]
[WhiteTeam "Sofia CSKA"]
[BlackTeam "Tarnovo Bulmex"]
[WhiteTeamCountry "BUL"]
[BlackTeamCountry "BUL"]

1. e4 e5 2. Bc4 Nf6 3. d3 Bc5 4. Nf3 d6 5. c3 Bb6 6. Bb3 0-0 7. Nbd2 c6 8. 0-0 Re8 9. Re1 Be6 10. Bc2 Nbd7 11. h3 h6 12. d4 Qc7 13. Nf1 Nf8 14. Ng3 Ng6 15. Be3 Red8 16. Qc1 Qe7 17. a4 Bc7 18. a5 a6 19. Nf5 Bxf5 20. exf5 Nf8 21. dxe5 dxe5 22. Nd2 N8d7 23. Ne4 Nxe4 24. Bxe4 Nf6 25. Qc2 Nd5 26. b4 Nxe3 27. Rxe3 Rd7 28. Rd1 Rad8 29. Red3 Rxd3 30. Rxd3 Rxd3 31. Qxd3 Qd6 32. Qxd6 Bxd6 33. Kf1 Kf8 34. Ke2 Ke7 35. Kd3 Kd7 36. Kc4 Bb8 37. f3 Bd6 38. Bc2 Be7 39. Bb3 Bh4 40. Bc2 Be1 41. Be4 Kd6 42. Kb3 Kc7 43. Bc2 Kd6 44. Bd3 Ke7 45. Be4 Kd6 46. c4 Kc7 47. c5 Kd7 48. g4 Kc7 49. Bd3 Kd7 50. Bc4 Ke7 51. Be2 Kd7 52. Bd3 Bd2 53. h4 f6 54. h5 Be1 55. Bc4 Kd8 56. Be6 Bd2 57. Kc4 Be1 1/2-1/2

[Event "BUL-chT 54th"]
[Site "Plovdiv"]
[Date "2004.11.20"]
[Round "1.3"]
[White "Gochev, Mladen"]
[Black "Stefanov, Krasimir"]
[Result "1/2-1/2"]
[WhiteElo "2267"]
[BlackElo "2372"]
[PlyCount "103"]
[EventDate "2004.11.20"]
[EventType "team-swiss"]
[EventRounds "7"]
[EventCountry "BUL"]
[SourceTitle "EXT 2006"]
[Source "ChessBase"]
[SourceDate "2005.11.24"]
[SourceVersion "1"]
[SourceVersionDate "2005.11.24"]
[SourceQuality "1"]
[WhiteTeam "Radnevo Maritsa Iztok"]
[BlackTeam "V Tarnovo Bulmex"]
[WhiteTeamCountry "BUL"]
[BlackTeamCountry "BUL"]

1. g3 d5 2. Bg2 c6 3. Nf3 Bf5 4. d3 h6 5. 0-0 Nf6 6. Nbd2 e6 7. c4 Be7 8. Nd4 Bh7 9. cxd5 exd5 10. Qb3 Qb6 11. N2f3 Nbd7 12. h3 0-0 13. Be3 Bc5 14. Qxb6 axb6 15. Rfc1 Rfe8 16. a3 Bd6 17. g4 b5 18. Kf1 Ra4 19. Nc2 Nc5 20. Nfd4 h5 21. g5 Nfd7 22. b4 Ne6 23. Nxe6 fxe6 24. Nd4 Kf7 25. h4 Rea8 26. Nc2 Ne5 27. Bf4 Ke7 28. Bg3 Nf7 29. Ke1 Bxg3 30. fxg3 Bg6 31. Kd2 Nd6 32. Bf3 e5 33. Rg1 Nf5 34. Bxh5 Nxh4 35. gxh4 Bxh5 36. g6 Rh8 37. Raf1 Ke6 38. Rf7 Bxg6 39. Rxb7 Bf5 40. Rgxg7 Rxh4 41. Ne3 Rf4 42. Rb6 Kf6 43. Nxf5 Rxf5 44. Rc7 Rxa3 45. Rcxc6+ Kg5 46. Rxb5 d4 47. Rbb6 Kf4 48. b5 Ra5 49. Rc2 e4 50. dxe4 Rfxb5 51. Rxb5 Rxb5 52. Kd3 1/2-1/2

[Event "BUL-chT"]
[Site "Borovetz"]
[Date "2002.09.23"]
[Round "5"]
[White "Bratanov, Zsivko"]
[Black "Stefanov, Krasimir"]
[Result "1-0"]
[WhiteElo "2438"]
[BlackElo "2362"]
[PlyCount "150"]
[EventDate "2002.09.19"]
[EventType "team-tourn"]
[EventRounds "7"]
[EventCountry "BUL"]
[SourceTitle "EXT 2006"]
[Source "ChessBase"]
[SourceDate "2005.11.24"]
[SourceVersion "1"]
[SourceVersionDate "2005.11.24"]
[SourceQuality "1"]

1. e4 e6 2. d4 d5 3. Nc3 Bb4 4. Qd3 Nf6 5. Bg5 dxe4 6. Qg3 Nc6 7. 0-0-0 Bxc3 8. Qxc3 Qd5 9. Bxf6 gxf6 10. Bc4 Qg5+ 11. Kb1 Ne7 12. Ne2 Bd7 13. Ng3 Bc6 14. h4 Qh6 15. Qa3 Rg8 16. Rhe1 f5 17. d5 Rxg3 18. Qxg3 exd5 19. Bf1 0-0-0 20. Qe5 Qd6 21. Qg7 Qg6 22. Qe5 Qe6 23. Qd4 b6 24. c4 Kb7 25. g3 f6 26. Rd2 Qe5 27. Bg2 Rd6 28. Qxe5 fxe5 29. cxd5 Bxd5 30. Red1 c6 31. b3 Rg6 32. Re1 Kc7 33. Kb2 a5 34. Kc3 e3 35. fxe3 Rxg3 36. Bf1 f4 37. Kb2 fxe3 38. Rd3 Nf5 39. Be2 Nd4 40. Bf1 Nf5 41. Be2 Nxh4 42. Bd1 Nf5 43. Bc2 Rg2 44. Rc3 Nd4 45. Rexe3 Kd6 46. Rg3 Rxc2+ 47. Rxc2 Nxc2 48. Kxc2 Be4+ 49. Kd2 Bg6 50. a3 Kd5 51. Ke3 b5 52. Rg2 b4 53. axb4 axb4 54. Rd2+ Kc5 55. Rg2 Bf7 56. Rc2+ Kd6 57. Rd2+ Bd5 58. Rh2 Kc5 59. Rh5 Bxb3 60. Rxe5+ Kc4 61. Kd2 Kd4 62. Rh5 Bg8 63. Rh4+ Kc5 64. Kc1 Kb5 65. Kb2 c5 66. Rh5 Kc6 67. Rh6+ Kd5 68. Kb3 Kd4+ 69. Ka4 b3 70. Ka3 c4 71. Rh1 Kd3 72. Rh3+ Ke4 73. Kb2 Kd4 74. Rh1 Kd5 75. Kc3 Be6 1-0

[Event "Nerezine 3rd"]
[Site "Nerezine"]
[Date "2002.08.27"]
[Round "5"]
[White "Stefanov, Krasimir"]
[Black "Peresada, Anatoly"]
[Result "1/2-1/2"]
[WhiteElo "2362"]
[BlackElo "2471"]
[PlyCount "106"]
[EventDate "2002.08.25"]
[EventType "tourn"]
[EventRounds "11"]
[EventCountry "BUL"]
[EventCategory "3"]
[SourceTitle "EXT 2006"]
[Source "ChessBase"]
[SourceDate "2005.11.24"]
[SourceVersion "1"]
[SourceVersionDate "2005.11.24"]
[SourceQuality "1"]

1. e4 c5 2. Nf3 d6 3. d4 cxd4 4. Nxd4 Nf6 5. Nc3 a6 6. g3 g6 7. Bg2 Bg7 8. 0-0 0-0 9. a4 Qc7 10. Nde2 Bd7 11. Be3 Bc6 12. Nd5 Bxd5 13. exd5 Nbd7 14. Ra2 Rac8 15. b3 Nc5 16. Nd4 Nce4 17. Ne2 Nc3 18. Nxc3 Qxc3 19. Bd4 Qa5 20. Qe1 Qxe1 21. Rxe1 Rfe8 22. a5 Nd7 23. Bxg7 Kxg7 24. c4 Rc5 25. h4 Kf6 26. Re3 Ne5 27. Ra4 Rb8 28. Bf1 h6 29. f4 Ng4 30. Rc3 e6 31. dxe6 fxe6 32. Rd3 d5 33. cxd5 exd5 34. Be2 h5 35. Rad4 Rxa5 36. Rxd5 Rxd5 37. Rxd5 Re8 38. Rd6+ Kg7 39. Rd7+ Kf6 40. Bxg4 hxg4 41. Kf2 Rc8 42. Rxb7 Rc2+ 43. Ke3 Rc3+ 44. Ke4 Rxg3 45. Rb6+ Kg7 46. f5 gxf5+ 47. Kxf5 a5 48. h5 Rd3 49. Kxg4 Rd4+ 50. Kf3 a4 51. Ke3 Rh4 52. b4 a3 53. Ra6 Rxb4 1/2-1/2

[Event "Nerezine 3rd"]
[Site "Nerezine"]
[Date "2002.08.26"]
[Round "4"]
[White "Mar, Karmen"]
[Black "Stefanov, Krasimir"]
[Result "1/2-1/2"]
[WhiteElo "2210"]
[BlackElo "2362"]
[PlyCount "22"]
[EventDate "2002.08.25"]
[EventType "tourn"]
[EventRounds "11"]
[EventCountry "BUL"]
[EventCategory "3"]
[SourceTitle "EXT 2006"]
[Source "ChessBase"]
[SourceDate "2005.11.24"]
[SourceVersion "1"]
[SourceVersionDate "2005.11.24"]
[SourceQuality "1"]

1. e4 e5 2. Nf3 Nf6 3. Nxe5 d6 4. Nc4 Nxe4 5. Nc3 Nxc3 6. dxc3 Be7 7. Bf4 Nc6 8. Qd2 Be6 9. 0-0-0 Qd7 10. Kb1 Bf6 11. Ne3 Ne7 1/2-1/2

[Event "Nerezine 3rd"]
[Site "Nerezine"]
[Date "2002.08.26"]
[Round "3"]
[White "Stefanov, Krasimir"]
[Black "Vajda, Albert"]
[Result "1-0"]
[WhiteElo "2362"]
[BlackElo "2395"]
[PlyCount "83"]
[EventDate "2002.08.25"]
[EventType "tourn"]
[EventRounds "11"]
[EventCountry "BUL"]
[EventCategory "3"]
[SourceTitle "EXT 2006"]
[Source "ChessBase"]
[SourceDate "2005.11.24"]
[SourceVersion "1"]
[SourceVersionDate "2005.11.24"]
[SourceQuality "1"]

1. c4 e5 2. Nc3 Bb4 3. Nf3 Nc6 4. g3 Nf6 5. Bg2 0-0 6. 0-0 Re8 7. d3 h6 8. e4 d6 9. a3 Bxc3 10. bxc3 Nd7 11. Ne1 Nc5 12. Be3 Bd7 13. Nc2 Na4 14. Qd2 Na5 15. Rab1 a6 16. f4 b5 17. cxb5 axb5 18. Nb4 c6 19. Qc2 Nb6 20. fxe5 dxe5 21. Qf2 Na4 22. Qxf7+ Kh7 23. Rbc1 Bg4 24. Qf2 Qd7 25. Qc2 c5 26. Nd5 c4 27. d4 Nc6 28. Qd2 Re6 29. Rf2 Rg6 30. Rb1 Re8 31. Rbf1 Kg8 32. Nb4 Na5 33. Qc2 Qa7 34. Nd5 Nb3 35. dxe5 Nac5 36. Rf7 Qxa3 37. Ne7+ Kh7 38. Nxg6 Kxg6 39. Rc7 Rg8 40. h3 Be6 41. Qf2 Nd7 42. Rc6 1-0

[Event "Nerezine 3rd"]
[Site "Nerezine"]
[Date "2002.08.24"]
[Round "1"]
[White "Stefanov, Krasimir"]
[Black "Ahmatovic, Mirela"]
[Result "1-0"]
[WhiteElo "2362"]
[BlackElo "2000"]
[PlyCount "73"]
[EventDate "2002.08.25"]
[EventType "tourn"]
[EventRounds "11"]
[EventCountry "BUL"]
[EventCategory "3"]
[SourceTitle "EXT 2006"]
[Source "ChessBase"]
[SourceDate "2005.11.24"]
[SourceVersion "1"]
[SourceVersionDate "2005.11.24"]
[SourceQuality "1"]

1. e4 c5 2. Nf3 d6 3. d4 cxd4 4. Nxd4 Nf6 5. Nc3 a6 6. g3 e5 7. Nb3 b5 8. Bg2 Bb7 9. 0-0 Be7 10. Be3 Nbd7 11. g4 Nc5 12. Nxc5 dxc5 13. g5 Nd7 14. h4 h6 15. Qg4 hxg5 16. hxg5 Qb6 17. Nd5 Bxd5 18. exd5 0-0-0 19. b4 Qg6 20. bxc5 f5 21. Qf3 e4 22. Qg3 Nxc5 23. Rfd1 Kb7 24. c4 Nd3 25. Rxd3 Bd6 26. f4 exd3 27. c5 Qh5 28. cxd6 Qe2 29. Qf2 Rhe8 30. Qxe2 dxe2 31. Kf2 Rxd6 32. Kxe2 a5 33. Kd3 Ka6 34. Bd4 g6 35. Be5 Rd7 36. Rc1 Rg8 37. Rc6+ 1-0

[Event "Razgrad op"]
[Site "Razgrad"]
[Date "2002.07.25"]
[Round "4"]
[White "Dobrev, Nanko"]
[Black "Stefanov, Krasimir"]
[Result "0-1"]
[WhiteElo "2362"]
[BlackElo "2362"]
[PlyCount "90"]
[EventDate "2002.07.06"]
[EventType "swiss"]
[EventRounds "7"]
[EventCountry "BUL"]
[SourceTitle "EXT 2005"]
[Source "ChessBase"]
[SourceDate "2004.11.15"]
[SourceVersion "1"]
[SourceVersionDate "2004.11.15"]
[SourceQuality "1"]

1. d4 d5 2. c4 c6 3. Nf3 Nf6 4. Nc3 g6 5. e3 Bg7 6. Bd3 0-0 7. 0-0 Be6 8. b3 Bf5 9. Bb2 Qa5 10. Re1 Nbd7 11. e4 dxe4 12. Nxe4 Nxe4 13. Bxe4 e6 14. a3 Bxe4 15. Rxe4 Qf5 16. Qe2 Qa5 17. Rd1 Rad8 18. Re3 Bh6 19. Red3 Rfe8 20. Ne5 Qc7 21. h4 Bg7 22. Nf3 Qa5 23. b4 Qa6 24. Ne5 Nb6 25. b5 cxb5 26. cxb5 Qa4 27. h5 Rd5 28. Qf3 Re7 29. Bc1 f6 30. h6 Bh8 31. Ng4 Rf5 32. Qg3 Qxb5 33. Rc3 Qe8 34. Rc7 Rxc7 35. Qxc7 Qc8 36. Qxc8+ Nxc8 37. Ne3 Rb5 38. d5 exd5 39. Nxd5 f5 40. Bg5 Be5 41. f4 Bd6 42. Nf6+ Kf7 43. Nxh7 Rb6 44. Bd8 Bxf4 45. Rd7+ Ke8 0-1

[Event "BUL-chT"]
[Site "Pamporovo"]
[Date "2001.10.07"]
[Round "6"]
[White "Peev, Peicho Chonev"]
[Black "Stefanov, Krasimir"]
[Result "0-1"]
[WhiteElo "2363"]
[BlackElo "2378"]
[PlyCount "86"]
[EventDate "2001.10.03"]
[EventType "team"]
[EventRounds "7"]
[EventCountry "BUL"]
[SourceTitle "CBM 084 Extra"]
[Source "ChessBase"]
[SourceDate "2001.10.26"]
[SourceVersion "1"]
[SourceVersionDate "2001.10.26"]
[SourceQuality "1"]

1. d4 d5 2. c4 c6 3. Nc3 Nf6 4. Nf3 e6 5. Bg5 h6 6. Bh4 Nbd7 7. cxd5 exd5 8. e3 Be7 9. Bd3 Ne4 10. Bxe7 Qxe7 11. Bxe4 dxe4 12. Nd2 Nf6 13. Qc2 Bf5 14. 0-0 Bh7 15. Rab1 0-0 16. b4 Rfd8 17. b5 c5 18. dxc5 Qxc5 19. Rbc1 Rac8 20. Qb2 Qe5 21. Na4 Qxb2 22. Nxb2 Nd5 23. Nbc4 Bf5 24. Nb3 Nb4 25. Nd4 Be6 26. Na5 Bd5 27. a3 Nd3 28. Rxc8 Rxc8 29. f3 Rc3 30. Ra1 Kf8 31. f4 Ke7 32. Kf1 g6 33. Ke2 Nb2 34. a4 Kd6 35. Kf2 Kc5 36. Rb1 Nxa4 37. Nab3+ Kb6 38. Nc1 Bc4 39. Nce2 Bxe2 40. Kxe2 Rd3 41. Rc1 Nc3+ 42. Kf2 Nd1+ 43. Ke2 Nxe3 0-1

[Event "BUL-chT"]
[Site "Pamporovo"]
[Date "2001.10.05"]
[Round "4"]
[White "Todorov, Ognjan"]
[Black "Stefanov, Krasimir"]
[Result "1-0"]
[WhiteElo "2349"]
[BlackElo "2378"]
[PlyCount "92"]
[EventDate "2001.10.03"]
[EventType "team"]
[EventRounds "7"]
[EventCountry "BUL"]
[SourceTitle "CBM 084 Extra"]
[Source "ChessBase"]
[SourceDate "2001.10.26"]
[SourceVersion "1"]
[SourceVersionDate "2001.10.26"]
[SourceQuality "1"]

1. d4 d5 2. Nf3 c6 3. c4 Nf6 4. Qb3 e6 5. g3 Be7 6. Bg2 0-0 7. 0-0 Nbd7 8. Nc3 a5 9. Rd1 a4 10. Qc2 dxc4 11. Nxa4 b5 12. Nc3 Nd5 13. e4 Nb4 14. Qb1 Bb7 15. Be3 Nb6 16. a3 Na6 17. Qc2 Nb8 18. Ne5 f6 19. Nf3 N8d7 20. Bh3 Kf7 21. d5 exd5 22. Nd4 Nc5 23. exd5 Nxd5 24. Nxc6 Bxc6 25. Bxc5 Bxc5 26. Nxd5 Qb8 27. Nf4 Kg8 28. Ne6 Qc8 29. Bf5 g6 30. Bh3 Re8 31. Nf4 f5 32. Nd5 Qe6 33. Bg2 Qe5 34. Ne7+ Rxe7 35. Bxc6 Rc8 36. Rd5 Qe6 37. Rxc5 Rxc6 38. Rxb5 Rd6 39. Rd1 Qe4 40. Rb8+ Kf7 41. Qc1 Rd3 42. Rd8 f4 43. R8xd3 cxd3 44. Qxf4+ Qxf4 45. gxf4 Re2 46. b4 d2 1-0

[Event "BUL-chT"]
[Site "Varna"]
[Date "1995.??.??"]
[Round "2"]
[White "Stefanov, Krasimir"]
[Black "Nikolov, Stefan"]
[Result "1-0"]
[WhiteElo "2405"]
[BlackElo "2210"]
[PlyCount "48"]
[EventDate "1995.??.??"]
[EventType "team"]
[EventRounds "7"]
[EventCountry "BUL"]
[SourceTitle "EXT 2002"]
[Source "ChessBase"]
[SourceDate "2001.11.25"]
[SourceVersion "1"]
[SourceVersionDate "2001.11.25"]
[SourceQuality "1"]

1. c4 Nf6 2. Nc3 c5 3. e4 d6 4. f4 Nc6 5. Nf3 g6 6. d3 Bg7 7. g3 Bg4 8. Bg2 Qd7 9. h3 Bxf3 10. Bxf3 Nd4 11. g4 Nxf3+ 12. Qxf3 e6 13. e5 dxe5 14. fxe5 Ng8 15. Bf4 0-0-0 16. 0-0-0 Ne7 17. Qf2 Qd4 18. Be3 Bh6 19. Rhe1 a6 20. Ne4 Bxe3+ 21. Qxe3 Qxe5 22. Qf2 h6 23. Nxc5 Nc6 24. Rf1 Rhf8 1-0